[Event "Leiden SB-ch"]
[Site "Leiden"]
[Date "2011.06.28"]
[Round "7"]
[White "Roorda, Thijs"]
[Black "Nejadsam, Ali"]
[Result "1/2-1/2"]
[WhiteElo "2076"]
[BlackElo "1800"]
[PlyCount "82"]
[EventDate "2011.05.17"]
[EventType "swiss"]
[EventRounds "7"]
[EventCountry "NED"]
[SourceTitle "EXT 2012"]
[Source "ChessBase"]
[SourceDate "2011.11.24"]
[SourceVersion "1"]
[SourceVersionDate "2011.11.24"]
[SourceQuality "1"]

1. e4 e5 2. Nf3 Nf6 3. Nc3 Nc6 4. Bb5 d6 5. d4 exd4 6. Nxd4 Bd7 7. 0-0 Nxd4 8. Qxd4 Bxb5 9. Nxb5 Qd7 10. c4 a6 11. Nc3 Be7 12. b3 0-0 13. Bb2 c5 14. Qd3 Rfe8 15. Rad1 Rad8 16. Rfe1 Bf8 17. h3 Qe7 18. Bc1 h6 19. Bf4 Qc7 20. Qf3 Re6 21. Re3 Rde8 22. Bg3 Kh8 23. Bh4 Qd7 24. Qf5 Qc8 25. Bg3 Qc7 26. Rde1 Qe7 27. Bh4 g5 28. Bg3 Nh5 29. Nd5 Nxg3 30. Rxg3 Rxe4 31. Rge3 Rxe3 32. Rxe3 Qd8 33. Qxf7 Rxe3 34. fxe3 b5 35. Nf6 Bg7 36. Ne8 Be5 37. Qe6 Kh7 38. cxb5 axb5 39. Kf1 c4 40. Qf7+ Kh8 41. Qf8+ Kh7 1/2-1/2